[Event "14th Poti Open-A 2019"]
[Site "Poti"]
[Date "2019.07.13"]
[Round "1.9"]
[White "Nikoladze, Sopio"]
[Black "Tutisani, Noe"]
[Result "1-0"]
[WhiteElo "2124"]
[BlackElo "2460"]
[Annotator "TA"]
[PlyCount "85"]
[EventDate "2019.07.13"]
[EventType "swiss"]
[EventCountry "GEO"]
[SourceTitle "playchess.com"]
[Source "ChessBase"]
[SourceQuality "1"]

{[%evp 14,85,43,35,55,25,45,1,25,24,41,28,22,25,51,41,50,45,62,54,88,79,83,86,87,70,99,83,104,106,100,110,158,144,187,130,159,157,238,194,174,172,256,267,246,194,176,183,260,250,312,285,428,412,611,587,607,622,575,556,566,551,891,892,855,851,889,881,919,852,1825,1871,1624,1612]} 1. d4 Nf6 2. Nf3 d6 3. Nc3 g6 4. e4 Bg7 5. Be2 a6 6. a4 O-O 7. O-O Bg4 8. Be3 Nc6 {B08: Pirc Defence: Classical System} (8... Bxf3 9. Bxf3 e5 10. dxe5 dxe5 11. Qxd8 Rxd8 12. Bg5 Nbd7 13. a5 h6 14. Be3 Nf8 15. Nd5 Ne6 16. Bxh6 Nxd5 17. Bxg7 Kxg7 18. exd5 {½-½ (42) Gordievsky,D (2523)-Rakhmanov,A (2655) Kolomna 2016}) 9. Qd2 Re8 10. Rad1 (10. d5 $5 {[%cal Rd5c6]} Bxf3 11. gxf3 $14 (11. Bxf3 Ne5 $14)) 10... Qc8 {The position is equal.} 11. d5 $146 ({Predecessor:} 11. Rfe1 Bxf3 12. Bxf3 e5 13. dxe5 Nxe5 14. Be2 Rb8 15. f3 Qd7 16. a5 Nc6 17. Bg5 Re5 {0-1 (37) Nikolaiczuk,L-Niklasson,C Bad Meinberg 1975}) 11... Bxf3 12. Bxf3 Ne5 13. Be2 $36 {[%mdl 2048] White has the initiative.} c6 14. f4 Ned7 15. dxc6 bxc6 16. g4 Nf8 17. g5 N6d7 18. a5 Rb8 19. Na4 c5 20. b3 Qc6 21. Qd5 Qxd5 22. Rxd5 Rb4 23. Bc4 (23. Bxa6 Ra8 $16) 23... Ne6 24. c3 ({White should play} 24. e5 $18) 24... Rb7 {[#]} 25. f5 $1 {[%cal Rf5e6]} Nd8 (25... gxf5 $16 26. exf5 Nc7) 26. f6 ({Don't do} 26. Bxa6 $6 Rxb3 27. f6 Bf8 $16) 26... Bf8 27. Bxa6 Ra7 (27... Rxb3 {was called for.} 28. fxe7 Bxe7) 28. Bb5 $18 exf6 29. Bxd7 ({Weaker is} 29. gxf6 Rxe4 30. Nxc5 dxc5 $14) 29... Rxd7 30. Nxc5 (30. gxf6 $6 Ra7 $11) 30... Ra7 (30... Rc7 $142) 31. Na4 Rb7 32. Bb6 ({Don't take} 32. gxf6 $6 Rxb3 33. Ra1 Nc6 $18) 32... fxg5 {[#]} (32... Nc6 {is a better defense.} 33. gxf6 Rxe4) 33. e5 $1 {[%mdl 512]} Ne6 (33... Rxe5 $142 34. Rxe5 dxe5 35. Bxd8 Rxb3) (33... dxe5 34. Bxd8) 34. exd6 {White is clearly winning.} Rd7 35. Rfd1 f5 36. Nc5 Nxc5 37. Bxc5 Ra8 38. Bb6 g4 39. c4 h5 40. c5 Rc8 41. b4 {[%cal Bb3b4,Bb4b5][%mdl 32]} Bh6 42. b5 Be3+ 43. Kf1 {Accuracy: White = 86%, Black = 26%.} 1-0

[Event "14th Poti Open-A 2019"]
[Site "Poti"]
[Date "2019.07.13"]
[Round "1.10"]
[White "Muradli, Mahammad"]
[Black "Azaryan, Tigran"]
[Result "1-0"]
[WhiteElo "2454"]
[BlackElo "2064"]
[Annotator "TA"]
[PlyCount "146"]
[EventDate "2019.07.13"]
[EventType "swiss"]
[EventCountry "GEO"]
[SourceTitle "playchess.com"]
[Source "ChessBase"]
[SourceQuality "1"]

{[%evp 18,146,44,28,54,35,45,19,36,23,26,36,36,6,37,9,3,0,12,-6,-12,-21,-16,-23,-14,-21,-14,-20,-11,-33,-40,-41,-47,-51,-58,-53,-54,-65,0,0,0,-12,-3,-45,-35,-50,0,0,104,113,109,106,834,144,130,140,129,0,0,0,0,-6,-11,-87,-87,-88,-88,-94,-92,-91,-93,-93,-91,-91,-91,-88,-87,-105,-95,-100,-45,-45,-45,-55,-8,-8,-8,-61,-65,-67,-58,-65,-70,-68,-35,-38,-55,-60,-19,-65,-67,-257,-253,-228,-199,-241,-168,-1636,-1246,-29969,-29971,-29970,-29970,-29966,-664,-29983,-29972,-29972,-29973,-29977,-29977,-29985,-29971,-29972,-29974,-29972,-29975,-29974,-29974,-29971,-29970]} 1. Nf3 Nf6 2. c4 g6 3. Nc3 c5 4. e4 Nc6 5. d4 cxd4 6. Nxd4 d6 7. Be2 Nxd4 8. Qxd4 Bg7 9. Be3 O-O 10. Qd2 a5 {B36: Sicilian: Maroczy Bind: Gurgenidze System} 11. f3 (11. O-O a4 12. Rab1 Qa5 13. Rfc1 Be6 14. h3 Rfc8 15. b3 axb3 16. axb3 Qb4 17. Qe1 Bd7 18. Bf3 {½-½ (55) Sasikiran,K (2678)-Guseinov,G (2664) Astana 2019}) 11... a4 12. O-O Qa5 {The position is equal.} 13. Rfc1 Bd7 14. Rab1 Rfc8 15. Bf1 $146 ({Predecessor:} 15. Rc2 Be6 16. Rbc1 Nd7 17. g4 h5 18. h3 {½-½ (35) Gerzina,M (2498)-Williamson,H (2537) ICCF email 2016}) 15... Bc6 16. b4 axb3 $1 17. axb3 Qb4 18. Rc2 Ra3 19. Ne2 Qxd2 20. Rxd2 Nd7 21. Bd4 Bh6 22. Rdd1 Nc5 23. b4 Ne6 24. Bf2 Ba4 25. Ra1 Rxa1 26. Rxa1 Bb3 27. Ra7 Rc7 (27... Bxc4 $15 28. Rxb7 Bd3) 28. b5 Bxc4 29. b6 Rd7 30. Nc3 (30. Nf4 {with more complications.} Bxf1 31. Nxe6 fxe6 32. Kxf1 Kf7 33. Ke2) 30... Bxf1 31. Kxf1 Bg7 32. Nd5 Bd4 (32... f6 $11) 33. Bxd4 $1 $16 {[%mdl 64] Overworked Piece} Nxd4 {[%mdl 4096] Endgame KRN-KRN} 34. Nc7 $1 e6 $2 {[%mdl 8192]} (34... Nc6 $16) 35. Rxb7 $2 (35. Ra8+ $1 $18 Kg7 36. Ne8+ Kf8 37. Nf6+ {[%mdl 64] Double Attack, Discovered Attack} Rd8 {[%mdl 64] Decoy} 38. Rxd8+ Ke7 39. Rb8 Kxf6 40. Rxb7) 35... Nc6 36. Ra7 Rd8 37. Ra1 (37. Ra6 $16) 37... Rb8 $11 38. Rb1 Kf8 39. Ke2 Ke7 40. Kd3 (40. f4 $11) 40... Ne5+ $17 41. Kd4 Nd7 42. b7 Nc5 43. e5 Rxb7 44. Nb5 Kd7 $1 45. exd6 Kc6 46. Kc4 e5 47. g4 f6 48. h4 h5 (48... Ne6 $17) 49. gxh5 $15 gxh5 50. Rb2 Na4 51. Rb1 Nb6+ 52. Kb4 (52. Kd3 $11) 52... Nd5+ 53. Ka5 $1 Kd7 54. Rg1 {Rg7+ is the strong threat.} Rb8 $1 {[%cal Rb8a8]} 55. Ka6 $1 Nb4+ 56. Ka5 Nc6+ 57. Ka4 Ke6 {Hoping for ...Nd4.} 58. Rg7 Rd8 59. Rc7 $2 ({White should try} 59. Rh7 $15) 59... Nd4 $1 $19 60. Re7+ {[#]} Kd5 $1 {aiming for ...Ra8+.} 61. Nxd4 exd4 {KR-KR} 62. d7 $2 {[#]} (62. Kb3) 62... Kc4 $1 {[%cal Rd8a8]} 63. Ka5 d3 64. Kb6 d2 65. Kc7 Ra8 (65... Rh8 $142 66. Re4+ Kc5 67. d8=Q Rxd8 68. Kxd8 d1=Q+ {[%mdl 64] Double Attack} 69. Ke8 Qxf3 70. Re1 Qf4 71. Re7 Qxh4 72. Rc7+ Kb6 73. Re7 Qa4+ 74. Kf8 h4 75. Re2 h3 76. Rb2+ Kc7 77. Rf2 Qd1 78. Kf7 Qh5+ 79. Ke6 Qe8+ 80. Kf5 Qe5+ 81. Kg4 h2 82. Rxh2 Qxh2 83. Kf3 Qd2 84. Ke4 Kd6 85. Kf5 Qe2 86. Kxf6 Qg4 87. Kf7 Qg5 88. Kf8 Ke6 89. Ke8 Qg8#) 66. Kb7 d1=Q {Black mates.} 67. Kxa8 {KQ-KR} Qd6 68. Rh7 Qc7 69. f4 Kd4 70. Rg7 Ke4 71. Rf7 Kf5 72. Rh7 Kxf4 73. Rg7 Kf5 {[%mdl 32768] Accuracy: White = 32%, Black = 60%. . Sensor Board Error (Ke4/e5)?} 1-0

[Event "14th Poti Open-A 2019"]
[Site "Poti"]
[Date "2019.07.13"]
[Round "1.11"]
[White "Chaqryan, Erik"]
[Black "Shahinyan, David"]
[Result "0-1"]
[WhiteElo "2027"]
[BlackElo "2445"]
[Annotator "TA"]
[PlyCount "72"]
[EventDate "2019.07.13"]
[EventType "swiss"]
[EventCountry "GEO"]
[SourceTitle "playchess.com"]
[Source "ChessBase"]
[SourceQuality "1"]

{[%evp 24,72,55,42,70,42,37,10,11,18,63,57,60,51,66,38,66,31,107,73,109,112,106,102,118,31,32,43,50,0,45,47,38,0,234,242,527,508,486,413,391,382,336,0,0,0,0,-31,-16,-125,-121]} 1. d4 Nf6 2. c4 c5 3. Nf3 g6 4. Nc3 Bg7 5. e4 cxd4 6. Nxd4 Nc6 7. Be3 O-O 8. Be2 d6 9. O-O Bd7 10. Qd2 Nxd4 11. Bxd4 Bc6 12. f3 a5 13. Rfd1 a4 $146 {B38: Sicilian: Maroczy Bind with 5...Bg7 and 7...0-0} (13... Nd7 14. Bxg7 Kxg7 15. Qd4+ Kg8 16. b3 Qb6 17. Qxb6 Nxb6 18. Rac1 Rac8 19. Kf2 f5 20. exf5 gxf5 21. f4 Nd7 22. Bd3 Nc5 {½-½ (71) Priyadharshan,K (2513)-Gorovets,A (2496) Saint Louis 2018}) 14. Rab1 Qa5 15. b4 axb3 $1 {The position is equal.} 16. axb3 {[%cal Ba2b3,Bb3b4][%mdl 32]} Rfc8 17. b4 Qd8 18. Bf1 Nh5 19. Be3 Ra3 20. Nd5 Rca8 (20... Bxd5 $1 $14 21. cxd5 (21. exd5 Rca8 $11) 21... Rcc3) 21. c5 Ra2 22. Qe1 R8a3 23. Bc4 Rc2 24. Bd3 (24. Bc1 $16) 24... Rb2 25. Rxb2 Bxb2 26. Qf2 Bg7 27. Bc4 $36 {[%mdl 2048] White has the initiative.} Ba4 28. Bg5 Nf6 $2 {[#]} (28... Bxd1 $11 {and Black stays safe.} 29. Nxe7+ Kf8 30. Nxg6+ {[%mdl 64] Discovered Attack} hxg6 31. Bxd8 Ra1 32. Be7+ (32. Bf1 Bb3 $11) 32... Ke8 33. Bb5+ Kxe7 34. cxd6+ Kf8) 29. cxd6 $3 $18 {[%mdl 512]} Nxd5 $2 (29... e6 {was necessary.}) (29... Qxd6 30. Nxf6+) 30. dxe7 ({Less strong is} 30. Rxd5 Ra1+ 31. Bf1 f6 $16) 30... Qc7 31. Rxd5 Ra1+ 32. Bf1 {White wants to mate with Rd8+.} f6 33. Qd4 $2 ({Weaker is} 33. Rd8+ Kf7 $16) ({Better is} 33. Be3 $18 Qxe7 34. Bd4 Rxf1+ 35. Kxf1) 33... Rxf1+ $1 $11 34. Kxf1 fxg5 35. Rd8+ Kf7 {[%mdl 1024] Black has compensation.} 36. Rf8+ (36. e8=B+ $11 {remains equal.} Bxe8 37. Qd5+ {[%mdl 64] Double Attack} Kf8 38. Qxg5) 36... Bxf8 {Accuracy: White = 41%, Black = 41%.} 0-1

[Event "14th Poti Open-A 2019"]
[Site "Poti"]
[Date "2019.07.13"]
[Round "1.12"]
[White "Urazayev, Arystanbek"]
[Black "Buniatyan, David"]
[Result "1-0"]
[WhiteElo "2436"]
[BlackElo "2014"]
[Annotator "RC"]
[PlyCount "79"]
[EventDate "2019.07.13"]
[EventType "swiss"]
[EventCountry "GEO"]
[SourceTitle "playchess.com"]
[Source "ChessBase"]
[SourceQuality "1"]
[TimeControl "40/5400+30:1800+30"]

1. e4 {[%emt 0:00:00]} Nf6 {[%emt 0:00:00]} 2. e5 {[%emt 0:00:00]} Nd5 {[%emt 0:00:12]} 3. c4 {[%emt 0:00:11]} Nb6 {[%emt 0:00:07]} 4. d4 {[%emt 0:00:03]} d6 {[%emt 0:00:15]} 5. exd6 exd6 {[%emt 0:00:14]} 6. h3 {[%emt 0:00:27]} Be7 {[%emt 0:00:43]} 7. Nf3 {[%emt 0:00:15]} Bf5 {[%emt 0:02:02]} 8. Be2 {[%emt 0:00:15]} O-O {[%emt 0:00:41]} 9. O-O {[%emt 0:00:09]} Bf6 {[%emt 0:01:09]} 10. Nc3 {[%emt 0:00:20]} Nc6 {[%emt 0:00:47]} 11. Bf4 {[%emt 0:00:08]} Re8 {[%emt 0:01:21]} 12. Qd2 {[%emt 0:00:31]} d5 {[%emt 0:07:23]} 13. c5 {[%emt 0:02:16]} Nc4 {[%emt 0:00:32]} 14. Bxc4 {[%emt 0:01:09]} dxc4 {[%emt 0:00:07]} 15. d5 {[%emt 0:17:46]} Nb4 {[%emt 0:13:23]} 16. d6 {[%emt 0:04:28]} cxd6 {[%emt 0:05:17]} 17. cxd6 {[%emt 0:01:44]} Qa5 {[%emt 0:08:49]} 18. Bg5 {[%emt 0:09:17]} Bxg5 {[%emt 0:14:48]} 19. Qxg5 {[%emt 0:00:06]} f6 {[%emt 0:03:32]} 20. Qh5 {[%emt 0:09:06]} g6 {[%emt 0:01:24]} 21. Qh4 {[%emt 0:01:25]} Kg7 {[%emt 0:00:25]} 22. a3 {[%emt 0:07:17]} Nc2 {[%emt 0:06:51]} 23. Rac1 {[%emt 0:01:48]} Bd3 {[%emt 0:06:41]} 24. Rfd1 {[%emt 0:01:59]} Rad8 {[%emt 0:01:02]} 25. Rd2 {[%emt 0:03:05]} Qf5 {[%emt 0:05:26]} 26. Qg3 {[%emt 0:03:13]} b5 {[%emt 0:07:22]} 27. Rcxc2 {[%emt 0:04:53]} Bxc2 {[%emt 0:00:16]} 28. Nd4 {[%emt 0:00:08]} Qc5 {[%emt 0:01:05]} 29. Nxc2 {[%emt 0:00:24]} Re5 {[%emt 0:00:59]} 30. Ne3 {[%emt 0:06:26]} Kf7 {[%emt 0:05:15]} 31. Qf3 {[%emt 0:03:08]} Rxd6 {[%emt 0:01:49]} 32. Ne4 {[%emt 0:01:28]} Rxe4 {[%emt 0:02:04]} 33. Rxd6 {[%emt 0:00:09]} f5 {[%emt 0:00:21]} 34. Rd5 {[%emt 0:01:57]} Qe7 {[%emt 0:02:53]} 35. Rxb5 {[%emt 0:01:15]} Kg8 {[%emt 0:00:47]} 36. Qd1 {[%emt 0:00:58]} Kg7 {[%emt 0:00:57]} 37. Rd5 {[%emt 0:02:16]} Kh6 {[%emt 0:00:36]} 38. Qd2 {[%emt 0:00:22]} Kh5 {[%emt 0:00:51]} 39. g4+ {[%emt 0:01:15]} Kh4 {[%emt 0:00:03]} 40. Nxf5+ {[%emt 0:00:00]} 1-0

[Event "14th Poti Open-A 2019"]
[Site "Poti"]
[Date "2019.07.13"]
[Round "1.13"]
[White "Suleymanli, Suleyman"]
[Black "Arabidze, Meri"]
[Result "0-1"]
[WhiteElo "2007"]
[BlackElo "2402"]
[Annotator "RC"]
[PlyCount "96"]
[EventDate "2019.07.13"]
[EventType "swiss"]
[EventCountry "GEO"]
[SourceTitle "playchess.com"]
[Source "ChessBase"]
[SourceQuality "1"]
[TimeControl "40/5400+30:1800+30"]

1. Nf3 {[%emt 0:00:00]} d5 {[%emt 0:00:15]} 2. g3 {[%emt 0:00:00]} Nf6 {[%emt 0:00:11]} 3. Bg2 {[%emt 0:00:12]} e6 {[%emt 0:00:06]} 4. d4 {[%emt 0:00:21]} b5 {[%emt 0:00:39]} 5. a4 {[%emt 0:01:12]} b4 {[%emt 0:00:29]} 6. c4 {[%emt 0:00:50]} bxc3 {[%emt 0:00:39]} 7. Nxc3 {[%emt 0:00:09]} Be7 {[%emt 0:01:42]} 8. O-O {[%emt 0:00:52]} O-O {[%emt 0:00:28]} 9. Bf4 {[%emt 0:03:30]} c6 {[%emt 0:14:56]} 10. Ne5 {[%emt 0:05:06]} Nfd7 {[%emt 0:01:18]} 11. Nxd7 {[%emt 0:02:53]} Nxd7 {[%emt 0:00:15]} 12. Rc1 {[%emt 0:01:05]} Ba6 {[%emt 0:00:53]} 13. Qd2 {[%emt 0:04:44]} Rc8 {[%emt 0:02:35]} 14. Rfd1 {[%emt 0:02:29]} f5 {[%emt 0:14:03]} 15. Qe3 {[%emt 0:05:40]} Kf7 {[%emt 0:00:26]} 16. h4 {[%emt 0:01:38]} Nf6 {[%emt 0:01:59]} 17. Bh3 {[%emt 0:03:13]} Bd6 {[%emt 0:04:26]} 18. Be5 {[%emt 0:01:23]} Re8 {[%emt 0:04:55]} 19. Nb1 {[%emt 0:05:15]} Ne4 {[%emt 0:05:01]} 20. Nd2 {[%emt 0:02:06]} Bxe5 {[%emt 0:02:49]} 21. dxe5 {[%emt 0:07:31]} Qb6 {[%emt 0:02:20]} 22. Nxe4 {[%emt 0:01:53]} fxe4 {[%emt 0:00:14]} 23. Qxb6 {[%emt 0:00:58]} axb6 {[%emt 0:00:05]} 24. e3 {[%emt 0:00:19]} Bd3 {[%emt 0:16:27]} 25. Bf1 {[%emt 0:04:36]} Bxf1 {[%emt 0:01:04]} 26. Kxf1 {[%emt 0:00:01]} c5 {[%emt 0:02:41]} 27. g4 {[%emt 0:01:15]} Ra8 {[%emt 0:01:12]} 28. b3 {[%emt 0:00:46]} h5 {[%emt 0:01:39]} 29. g5 {[%emt 0:04:09]} Kg6 {[%emt 0:01:22]} 30. Ke2 {[%emt 0:00:42]} Kf5 {[%emt 0:01:48]} 31. Rd2 {[%emt 0:01:00]} Kxe5 {[%emt 0:00:31]} 32. Ra2 {[%emt 0:00:35]} Kd6 {[%emt 0:01:26]} 33. b4 {[%emt 0:01:30]} Ra6 {[%emt 0:04:20]} 34. bxc5+ {[%emt 0:01:24]} bxc5 {[%emt 0:00:04]} 35. Rb1 {[%emt 0:01:08]} Rea8 {[%emt 0:01:43]} 36. Rba1 {[%emt 0:01:25]} Ra5 {[%emt 0:02:40]} 37. Kd2 {[%emt 0:01:06]} Rb8 {[%emt 0:02:11]} 38. Kc3 {[%emt 0:01:02]} e5 {[%emt 0:01:06]} 39. Rb2 {[%emt 0:03:36]} d4+ {[%emt 0:00:57]} 40. Kc2 {[%emt 0:00:00]} Rxb2+ {[%emt 0:00:00]} 41. Kxb2 {[%emt 0:00:11]} c4 {[%emt 0:02:44]} 42. Ka3 {[%emt 0:02:21]} Kc5 {[%emt 0:01:20]} 43. Rb1 {[%emt 0:00:45]} c3 {[%emt 0:05:33]} 44. Rb7 {[%emt 0:00:26]} Kc6 {[%emt 0:00:53]} 45. Rxg7 {[%emt 0:00:10]} Rc5 {[%emt 0:00:40]} 46. Rg8 {[%emt 0:00:16]} Kb7 {[%emt 0:02:13]} 47. Rg7+ {[%emt 0:00:08]} Ka6 {[%emt 0:00:53]} 48. Kb4 {[%emt 0:00:35]} Rc6 {[%emt 0:01:03]} 0-1

[Event "14th Poti Open-A 2019"]
[Site "Poti"]
[Date "2019.07.13"]
[Round "1.14"]
[White "Aliyev, Ravan"]
[Black "Esadze, Tamari"]
[Result "1-0"]
[WhiteElo "2385"]
[BlackElo "1997"]
[Annotator "TA"]
[PlyCount "61"]
[EventDate "2019.07.13"]
[EventType "swiss"]
[EventCountry "GEO"]
[SourceTitle "playchess.com"]
[Source "ChessBase"]
[SourceQuality "1"]

{[%evp 28,61,0,0,0,0,66,53,183,103,299,307,306,319,324,188,150,167,235,225,322,282,427,420,420,429,420,394,404,286,564,564,936,961,1162,1076]} 1. d4 Nf6 2. c4 e6 3. Nf3 b6 4. a3 Bb7 5. Nc3 d5 6. cxd5 Nxd5 7. e3 Nxc3 8. bxc3 Be7 9. Bb5+ c6 10. Bd3 O-O 11. O-O c5 12. Qe2 Nc6 13. Bb2 Rc8 14. Rad1 cxd4 15. cxd4 Na5 $146 {E12: Queen's Indian: Unusual White 4th moves, 4 a3, 4 Nc3 Bb7 5 a3 and 4 Nc3 Bb7} (15... Bf6 16. Nd2 Na5 17. f4 g6 18. Nf3 Qd5 19. e4 Qd8 20. Ne5 Bg7 21. f5 exf5 22. exf5 Bd5 23. Qf2 {0-1 (52) Korobov,A (2692)-Anton Guijarro,D (2650) Doha 2016}) 16. e4 h6 (16... Bf6 $11) 17. Ne5 $14 Nb3 {[#]} ({Better is} 17... Nc6 $14) 18. Bb1 ({White should try} 18. d5 $1 $18 {[%mdl 512]}) 18... Na5 $2 {[#]} (18... Qc7 $16) 19. d5 $1 $18 {[%cal Rd5e6][%mdl 512]} exd5 20. exd5 {Strongly threatening Qg4.} Bd6 ({But not} 20... Bxd5 21. Qd3 $18) 21. Qd3 (21. Ng4 $142 Qg5 {[#]} 22. f4 $1 {[%mdl 512]}) 21... f5 22. Rfe1 $40 {[%mdl 128] White attacks with force.} Bxe5 (22... Qg5 $142 23. g3 Qh5) 23. Bxe5 Qg5 (23... Nc4 $142 24. d6 Qd7) 24. f4 Qg6 (24... Qg4 $142 25. Rc1 Rxc1 26. Rxc1 Rf7) 25. Re3 Nc4 26. Rg3 Nxe5 27. fxe5 Qf7 28. e6 Qf6 $2 (28... Qe7 29. Re3 Bxd5) 29. Re3 {White is clearly winning.} Rfd8 30. e7 Rxd5 31. Ba2 {[%mdl 64] Pin. Accuracy: White = 89%, Black = 21%.} 1-0

[Event "14th Poti Open-A 2019"]
[Site "Poti"]
[Date "2019.07.13"]
[Round "1.15"]
[White "Janiashvili, Mariami"]
[Black "Gharibyan, Mamikon"]
[Result "0-1"]
[WhiteElo "1993"]
[BlackElo "2350"]
[Annotator "ChessBase"]
[PlyCount "108"]
[EventDate "2019.07.13"]
[EventType "swiss"]
[EventCountry "GEO"]
[SourceTitle "playchess.com"]
[Source "ChessBase"]
[SourceQuality "1"]
[TimeControl "40/5400+30:1800+30"]

1. d4 {[%emt 0:00:00]} Nf6 {[%emt 0:00:00]} 2. c4 {[%emt 0:00:00]} e6 {[%emt 0:00:04]} 3. Nf3 {[%emt 0:00:00]} d5 {[%emt 0:01:51]} 4. Nc3 {[%emt 0:00:12]} Bb4 {[%emt 0:00:30]} 5. Bg5 {[%emt 0:00:30]} dxc4 {[%emt 0:00:30]} 6. e4 {[%emt 0:00:30]} h6 {[%emt 0:00:30]} 7. Bxf6 {[%emt 0:00:30]} Qxf6 {[%emt 0:00:30]} 8. Bxc4 {[%emt 0:00:30]} c5 {[%emt 0:00:30]} 9. O-O {[%emt 0:00:30]} O-O {[%emt 0:00:30]} 10. a3 {[%emt 0:00:30]} Bxc3 {[%emt 0:00:30]} 11. bxc3 {[%emt 0:00:30]} cxd4 {[%emt 0:00:30]} 12. cxd4 {[%emt 0:00:30]} Rd8 {[%emt 0:00:30]} 13. Qe2 {[%emt 0:00:30]} Nc6 {[%emt 0:00:30]} 14. Rad1 {[%emt 0:00:30]} Qe7 {[%emt 0:00:30]} 15. Qe3 {[%emt 0:00:30]} Na5 {[%emt 0:00:30]} 16. Ba2 {[%emt 0:00:30]} Bd7 {[%emt 0:00:30]} 17. Ne5 {[%emt 0:00:30]} Ba4 {[%emt 0:00:30]} 18. Rd2 {[%emt 0:00:30]} Bb5 {[%emt 0:00:30]} 19. Rb1 {[%emt 0:00:30]} Be8 {[%emt 0:00:30]} 20. f4 {[%emt 0:00:30]} f6 {[%emt 0:00:30]} 21. Nf3 {[%emt 0:00:30]} Bf7 {[%emt 0:00:30]} 22. Qc3 {[%emt 0:00:30]} b6 {[%emt 0:00:30]} 23. Rc1 {[%emt 0:00:30]} Qb7 {[%emt 0:00:30]} 24. Qd3 {[%emt 0:00:30]} Rac8 {[%emt 0:00:30]} 25. Rdc2 {[%emt 0:00:30]} Rxc2 {[%emt 0:00:30]} 26. Qxc2 {[%emt 0:00:30]} Qe7 {[%emt 0:00:30]} 27. Qc3 {[%emt 0:00:30]} Nb7 {[%emt 0:00:30]} 28. e5 {[%emt 0:00:30]} f5 {[%emt 0:00:30]} 29. Qb4 {[%emt 0:00:30]} Qd7 {[%emt 0:00:30]} 30. Qc4 {[%emt 0:00:30]} Qe7 {[%emt 0:00:30]} 31. Qb4 {[%emt 0:00:30]} Qe8 {[%emt 0:00:30]} 32. Qc4 {[%emt 0:00:30]} Kh7 {[%emt 0:00:30]} 33. Qc2 {[%emt 0:00:30]} Qe7 {[%emt 0:00:30]} 34. Qc3 {[%emt 0:00:30]} Rd7 {[%emt 0:00:30]} 35. Qb4 {[%emt 0:00:30]} Qe8 {[%emt 0:00:30]} 36. Qb1 {[%emt 0:00:30]} Qe7 {[%emt 0:00:30]} 37. Qb4 {[%emt 0:00:30]} Qe8 {[%emt 0:00:30]} 38. Qb1 {[%emt 0:00:30]} Bh5 {[%emt 0:00:30]} 39. Qb3 {[%emt 0:00:30]} Nd8 {[%emt 0:00:30]} 40. Rc4 {[%emt 0:00:30]} Rd5 {[%emt 0:00:30]} 41. Qc3 {[%emt 0:30:30]} Rd7 {[%emt 0:30:30]} 42. Bb3 {[%emt 0:00:30]} Qf8 {[%emt 0:00:30]} 43. Ba4 {[%emt 0:00:30]} Rd5 {[%emt 0:00:30]} 44. Bd1 {[%emt 0:00:30]} Qe7 {[%emt 0:00:30]} 45. Ng5+ {[%emt 0:00:30]} hxg5 {[%emt 0:00:30]} 46. Qh3 {[%emt 0:00:30]} g6 {[%emt 0:00:30]} 47. Bxh5 {[%emt 0:00:30]} gxh5 {[%emt 0:00:30]} 48. Qxh5+ {[%emt 0:00:30]} Kg7 {[%emt 0:00:30]} 49. Rc3 {[%emt 0:00:30]} Nf7 {[%emt 0:00:30]} 50. fxg5 {[%emt 0:00:30]} Rd8 {[%emt 0:00:30]} 51. h4 {[%emt 0:00:30]} Rxd4 {[%emt 0:00:30]} 52. g3 {[%emt 0:00:30]} Qd8 {[%emt 0:00:30]} 53. Rc1 {[%emt 0:00:30]} Rg4 {[%emt 0:00:30]} 54. g6 {[%emt 0:00:30]} Nh6 {[%emt 0:00:30]} 0-1

[Event "14th Poti Open-A 2019"]
[Site "Poti"]
[Date "2019.07.13"]
[Round "1.16"]
[White "Chkhaidze, Nikoloz"]
[Black "Elashvili, Giorgi"]
[Result "1-0"]
[WhiteElo "2330"]
[BlackElo "1978"]
[Annotator "ChessBase"]
[PlyCount "63"]
[EventDate "2019.07.13"]
[EventType "swiss"]
[EventCountry "GEO"]
[SourceTitle "playchess.com"]
[Source "ChessBase"]
[SourceQuality "1"]
[TimeControl "40/5400+30:1800+30"]

1. d4 {[%emt 0:00:00]} Nf6 {[%emt 0:00:00]} 2. c4 {[%emt 0:00:00]} e6 {[%emt 0:00:00]} 3. Nc3 {[%emt 0:00:00]} d5 {[%emt 0:00:03]} 4. Nf3 {[%emt 0:00:00]} Bb4 {[%emt 0:00:09]} 5. Bg5 {[%emt 0:03:03]} dxc4 {[%emt 0:01:54]} 6. e4 {[%emt 0:01:04]} c5 {[%emt 0:00:12]} 7. e5 {[%emt 0:01:23]} cxd4 {[%emt 0:01:01]} 8. Nxd4 {[%emt 0:00:55]} Bxc3+ {[%emt 0:05:11]} 9. bxc3 {[%emt 0:00:08]} Qa5 {[%emt 0:00:07]} 10. exf6 {[%emt 0:09:17]} Qxg5 {[%emt 0:00:24]} 11. fxg7 {[%emt 0:00:04]} Qxg7 {[%emt 0:00:20]} 12. Qd2 {[%emt 0:03:14]} O-O {[%emt 0:16:42]} 13. Bxc4 {[%emt 0:01:59]} Rd8 {[%emt 0:12:12]} 14. Qe3 {[%emt 0:02:19]} Nd7 {[%emt 0:12:51]} 15. O-O {[%emt 0:04:47]} Nb6 {[%emt 0:06:23]} 16. Bb3 {[%emt 0:07:17]} Nd5 {[%emt 0:06:41]} 17. Bxd5 {[%emt 0:06:00]} Rxd5 {[%emt 0:00:19]} 18. f4 {[%emt 0:00:20]} Bd7 {[%emt 0:21:09]} 19. Rf3 {[%emt 0:06:50]} Kh8 {[%emt 0:02:36]} 20. f5 {[%emt 0:07:07]} e5 {[%emt 0:11:02]} 21. f6 {[%emt 0:03:12]} Qg6 {[%emt 0:00:29]} 22. Ne2 {[%emt 0:00:19]} Bb5 {[%emt 0:00:43]} 23. Ng3 {[%emt 0:13:50]} Re8 {[%emt 0:00:26]} 24. Re1 {[%emt 0:05:30]} Rd3 {[%emt 0:00:30]} 25. Qc5 {[%emt 0:01:48]} Bc6 {[%emt 0:00:32]} 26. Rxd3 {[%emt 0:02:20]} Qxd3 {[%emt 0:00:07]} 27. Rxe5 {[%emt 0:01:48]} Qd1+ {[%emt 0:00:42]} 28. Nf1 {[%emt 0:00:21]} Rd8 {[%emt 0:00:39]} 29. Qe3 {[%emt 0:04:24]} Rg8 {[%emt 0:00:30]} 30. Rg5 {[%emt 0:03:29]} Re8 {[%emt 0:00:26]} 31. Qg3 {[%emt 0:00:53]} Be4 {[%emt 0:00:37]} 32. Rd5 {[%emt 0:00:56]} 1-0